The draft Disability Discrimination Bill (Record no. 74548)

MARC details
000 -LEADER
fixed length control field 01309cab a2200217 4500
001 - CONTROL NUMBER
control field ABS68192
008 - FIXED-LENGTH DATA ELEMENTS--GENERAL INFORMATION
fixed length control field 040924n2004 000 0 eng u
035 ## - SYSTEM CONTROL NUMBER
System control number (Sirsi) u127526
100 ## - MAIN ENTRY--PERSONAL NAME
Personal name Pye, M.
245 #4 - TITLE STATEMENT
Title The draft Disability Discrimination Bill
260 ## - PUBLICATION, DISTRIBUTION, ETC.
Date of publication, distribution, etc. 2004
490 ## - SERIES STATEMENT
Series statement Access by Design
Volume/sequential designation (100) Autumn 2004, 13-15(3)
520 ## - SUMMARY, ETC.
Summary, etc. Discusses the draft Disability Discrimination Bill which aims to extend the Disability Discrimination Act 1995 to cover all functions of public bodies and the introduction of a new public sector duty to promote equality of opportunity. These two new measures are the focus of a new consultation document "Delivering equality for disabled people" issued by the Department for Work and Pensions. The Disability Rights Commission has highlighted areas of concern as signage, homelessness and local authority responsibilities in leisure centres. View the consultation at www.dwp.gov.uk/.
590 ## - LOCAL NOTE (RLIN)
Local note ABS
650 ## - SUBJECT ADDED ENTRY--TOPICAL TERM
Topical term or geographic name entry element DISABILITY DISCRIMINATION BILL
650 ## - SUBJECT ADDED ENTRY--TOPICAL TERM
Topical term or geographic name entry element MANAGEMENT-BUSINESS MANAGEMENT-DISCRIMINATION-DISABILITY DISCRIMINATION-ACCESSIBILITY
650 ## - SUBJECT ADDED ENTRY--TOPICAL TERM
Topical term or geographic name entry element SIGNING
690 ## - LOCAL SUBJECT ADDED ENTRY--TOPICAL TERM (OCLC, RLIN)
Topical term or geographic name as entry element BUILT ENVIRONMENT-CONSTRUCTION DESIGN
856 ## - ELECTRONIC LOCATION AND ACCESS
Uniform Resource Identifier <a href="https://www.dwp.gov.uk/publications/dwp/2004/equality/">https://www.dwp.gov.uk/publications/dwp/2004/equality/</a>
Public note View the consultation on the DWP website...
942 ## - ADDED ENTRY ELEMENTS (KOHA)
Suppress in OPAC 0
Holdings
Withdrawn status Lost status Source of classification or shelving scheme Damaged status Not for loan Home library Current library Shelving location Date acquired Total Checkouts Full call number Barcode Date last seen Copy number Price effective from Koha item type
    Dewey Decimal Classification     London London Journal article 24/09/2004   ABS68192 127526-1001 06/08/2019 1 06/08/2019 Journal article